Welcome to the Holygrace Academy Library

Please use search bar below to get started

CBSE10 SAMPLE QUESTION PAPERS CLASS 12 PHYSICS (Record no. 517)

MARC details
000 -LEADER
fixed length control field 00369nam a22001337a 4500
020 ## - INTERNATIONAL STANDARD BOOK NUMBER
ISBN 978-93-5634-355-9
082 ## - DEWEY DECIMAL CLASSIFICATION NUMBER
Classification number 530
Item number OSW/C
100 ## - MAIN ENTRY--AUTHOR NAME
Personal name OSWAAL BOOKS
245 ## - TITLE STATEMENT
Title CBSE10 SAMPLE QUESTION PAPERS CLASS 12 PHYSICS
260 ## - PUBLICATION, DISTRIBUTION, ETC. (IMPRINT)
Place of publication AGRA
Name of publisher OSWAAL BOOKS & LEARNNG PVT LTD
Year of publication 2022
300 ## - PHYSICAL DESCRIPTION
Number of Pages 168
650 ## - SUBJECT ADDED ENTRY--TOPICAL TERM
Topical Term PHYSICS SAMPLE QUESTION PAPERS FOR CLASS 12
Geographic subdivision INDIA
942 ## - ADDED ENTRY ELEMENTS (KOHA)
Koha item type Books
Holdings
Withdrawn status Lost status Collection code Home library Current library Shelving location Date acquired Source of acquisition Cost, normal purchase price Full call number Accession Number Koha item type
    Reference Main Library Main Library   12/11/2022 purchase 349.00 530 OSW/C 12748 Books